000 01051nam a2200277Ia 4500
003 OSt
005 20220923211207.0
006 a|||||r|||| 00| 0
007 ta
008 220922b |||||||| |||| 00| 0 hin d
020 _a97688179757260 (hbk)
_c995
024 _a324,662
037 _b69, 10/03/2018, Mallika Books
_cTextual
040 _aARTS
_cARTS
_bhin
041 _2hin
_ahin
082 _aO152,1:g(P), Q7
100 _aशर्मा, कृष्णदत्त, ले.
_9159405
245 0 _aभाषा, आलोचना और आलोचक दृष्टि
246 _aBhāṣhā, ālochanā aur ālochak dṛuṣhṭi
260 _aनई दिल्ली
_b अनामिका पब्लिशर्स
_c2017
300 _a589पृ.
_ccm.
650 _a आलोचना
_9156320
650 _aहिन्दी कविता
942 _hO152,1:g(P), Q7
_cTEXL
_2CC
999 _c296630
_d296630